00518nam a2200157Ia 450000500170000000800410001704100080005808200160006610000230008224500440010526000490014930000080019865000200020699900190022695201150024520250729165741.0250729s2012 xx 000 0 und d akan a494.50 SHAJ aV G Sharma9232077 aJanapriya janapada ogatu mattu gadegalu aBangalorebkannada Pusthaka Prakashanac2012 a64p aKannada9232078 c239602d239602 00104070aALbALd2025-07-29eManagement Bookl0o494.50 SHAJpBED04921r2025-07-29 16:57:41w2025-07-29yBK